| 000 | 00876nam a22001937a 4500 | ||
|---|---|---|---|
| 999 |
_c62800 _d62800 |
||
| 003 | Ge_BSU | ||
| 005 | 20250218121354.0 | ||
| 008 | 250218s1963 ge ||||| |||| 00| 0 geo d | ||
| 041 | _ageo | ||
| 080 | _a616.8(075.32) ყ-86 | ||
| 100 |
_aყუბანეიშვილი, ი. _924032 |
||
| 245 |
_aფსიქონევროლოგია : _b სახელმძღვანელო საშ. სამედ. სკოლებისათვის / _cი. ყუბანეიშვილი, ნ. ქავთარაძე. |
||
| 264 |
_aთბილისი : _bცოდნა, _c1963. |
||
| 300 |
_a343 გვ. : _bილ. ; _c22 სმ. |
||
| 653 | _aფსიქონევროლოგია | ||
| 653 | _aმედიცინა | ||
| 700 |
_aქავთარაძე, ნ. _e ავტორი _914578 |
||
| 942 |
_2udc _cᲬᲘᲒᲜᲘ |
||